Betónové konštrukcie : A smer

Gespeichert in:
Bibliographische Detailangaben
Hauptverfasser: Augustin, Juraj (Verfasst von), Havránek, Ivan (Verfasst von)
Format: Buch
Sprache:Slowakisch
Veröffentlicht: Bratislava : SVŠT v Bratislave, 1976
Tags: Tag hinzufügen
Keine Tags, Fügen Sie das erste Tag hinzu!

MARC

LEADER 00000nam a22000003a 4500
001 stu92180
005 20150617225621.1
008 050103s1976----xo------------------slo-d
040 |a STU  |b slo 
041 0 |a slo 
044 |a xo 
080 |a 624.012(075.8) 
100 1 |a Augustin, Juraj  |4 aut 
245 1 |a Betónové konštrukcie :  |b A smer 
260 |a Bratislava :  |b SVŠT v Bratislave,  |c 1976 
300 |a 206 s  |c 13 príl. 
700 1 |a Havránek, Ivan  |4 aut 
996 |b 284V024900  |c V*1568/S-76  |l VVS  |s A  |a 24  |w stu92180_0001